Najczęściej odwiedzane miasta przez Polaków rocznie. - Statystyki

Ogólne statystyki
  • Ten quiz został rozwiązany 24 razy
  • Średni wynik to 18 z 20
Odpowiedzi na mapie
Odpowiedzi zakodowano w zielono-czerwonej skali na mapie do tego quizu, zgodnie z poniższymi procentami.
 
Statystyki odpowiedzi
Odpowiedzi % Poprawnych
Barcelona
100%
Praga
100%
Amsterdam
96%
Berlin
96%
Budapeszt
96%
Dublin
96%
Londyn
96%
Paryż
96%
Rzym
96%
Zagrzeb
96%
Lizbona
91%
Monachium
91%
Bratysława
87%
Bruksela
87%
Oslo
87%
Wiedeń
87%
Mediolan
83%
Sofia
78%
Antalya
48%
Dubrownik
48%
Nie znaleziono quizów pasujących do podanych kryteriów
Rozkład punktacji
Procent ludzi z każdym wynikiem
Percentyl według liczby udzielonych odpowiedzi
Twoja historia wyników
Nie rozwiązałeś tego quizu